000 00965nam a2200229Ii 4500
003 JO-AjNU
008 230605s9999||||xx |||||||||||||| ||und||
017 _a2009/6/1942
020 _a9957-16-535-2
040 _aJO-AjNU
_bara
_erda
_cJO-AjNU
041 _aara
050 1 4 _aKMM2979.Q22.2010
100 3 _aالقبيلات، حمدي سليمان,
_eauthor
_933444
245 0 0 _aالرقابة الإدارية و المالية على الأجهزة الحكومية : دراسة تحليلية و تطبيقية
250 _aط2
264 3 1 _aعمان : دار الثقافة ، 2010
300 _a187ص
_bيشتمل على مراجع ص (184 - 187 )
336 _atext
_btxt
_2rdacontent
337 _aunmediated
_bn
_2rdamedia
338 _avolume
_bnc
_2rdacarrier
650 4 _aالرقابة الإدارية -- قوانين و تشريعات -- الأردن -- الرقابة القضائية على أعمال الإدارة -- الأردن
_933445
999 _aA13613
_c17181
_d17181